000 00584nam a22001937a 4500
005 20150417124251.0
010 _aENG-112261
020 _c250.00
_a9789351610137
020 _c250.00
_a9351610136
035 _aEN-95793
037 _bDBAD/PUB
082 _a658.0072
100 _aTripathi, P.C.
245 _aResearch methodology in management and social sciences /
_cby P.C. Tripathi
260 _aNew Delhi
_bSultan Chand
_c2014
270 _a23, Daryaganj,
_bNew Delhi
_e110002
300 _avarious pagings
_c25cm(pbk)
942 _2ddc
_cEN
_mTRI
_h658.0072
999 _c91980
_d91980